Statistics for Disney Aladdin

Click here to take the quiz!

General Stats

  • This quiz has been taken 946 times
    (936 since last reset)
  • The average score is 16 of 30

Answer Stats

HintAnswer% Correct
The Princess of AgrabahJasmine
97%
the villianJafar
91%
what the genie turned Abu intoelephant
81%
what kind of animal is the answer from aboveparrot
81%
Aladdin's form of transportationmagic carpet
78%
name of Aladdin's sidekickAbu
77%
what the genie wants more than anythinghis freedom
76%
Princess' pet tigerRajah
76%
the voice of the genieRobin Williams
71%
the villian's sidekickIago
70%
character that says the line abovegenie
66%
the color of the genieblue
65%
Aladdin's prince namePrince Ali
65%
"You ain't never ever had a ______ ____ __!"friend like me
59%
the royal gaurd's nickname for Aladdinstreet rat
59%
where Aladdin finds the magic lampthe cave of wonders
52%
the release date of this movie1992
47%
The animal that Jafar turns intosnake
47%
what Jasmine is trapped in while Aladdin fights Jafaran hourglass
45%
the opening song titleArabian Nights
42%
the little mermaid character seen during the moviesebastian
40%
the item that Aladdin gives to Jasmine during "A Whole New World" that reveals his true identityan apple
35%
Aladdin's final wishthe genie's freedom
30%
the rule jasmine must obey before her birthdayshe must marry a prince
26%
Aladdin's famous quote "__ ___ _____ __?"do you trust me
25%
"Jafar, Jafar he's the man __ __ ___'_ __ __, _____!!"if he can't do it great
25%
Jasmine's fatherthe sultan
25%
"Ten thousand years will ____ ___ ____ _ _____ __ ___ ____!"give you such a crick in the neck
24%
what genie says at the very end of the movie "____ ___ ____."made you look
16%
the singing voice of JasmineLea Salonga
11%

Score Distribution

Percentile by Number Answered

Percent of People with Each Score

Your Score History

You have not taken this quiz since the last reset